An upper bound analysis of T-shaped equal channel angular pressing

Podrobná bibliografia
Hlavní autori: Wei, Kunxia (Author), Liu, Ping (Author), Ma, Zhijun (Author), Wei, Wei (Author), Alexandrov, Igor V. (Author), Hu, Jing (Author)
Médium: Článok
Jazyk:English
Témy:
On-line prístup:http://www.qip-journal.eu/index.php/ams/article/view/539/481
Zdroj: 1. Acta metallurgica slovaca 1. Roč. 21, č. 1 (2015), s. 4-12 1. 1338-1156
LEADER 01217nab#a2200445#ar4500
001 000115621
003 SVKKK
005 20150601093735.0
008 150601c2015 xo |||||||||||||||b|eng
FMT
015 |a SNBRB2015/06 
038 |a SVKKK 
040 |a SVKKK  |b slo  |e AACR2 
041 0 |a eng  |b eng 
044 |a xo  |c SK 
080 |a 621.777  |2 2008 
080 |a 539.374  |2 2008 
242 1 0 |a Analýza hornej hranice T-tvarovania v procese ECAP 
245 1 0 |a An upper bound analysis of T-shaped equal channel angular pressing  |c Kunxia Wei ... [et al.] 
300 |b Obr., tab. 
504 |a Bibliogr. odkazy 
546 |a Res. angl. 
650 0 4 |a T-tvarovanie 
650 0 4 |a ECAP 
650 0 4 |a viacnásobná plastická deformácia 
700 1 |a Wei, Kunxia  |4 aut 
700 1 |a Liu, Ping  |4 aut 
700 1 |a Ma, Zhijun  |4 aut 
700 1 |a Wei, Wei  |4 aut 
700 1 |a Alexandrov, Igor V.  |4 aut 
700 1 |a Hu, Jing  |4 aut 
773 0 |t Acta metallurgica slovaca  |g Roč. 21, č. 1 (2015), s. 4-12  |x 1338-1156 
958 |a NB 
974 |a Ma 
992 |a RBX 
BAS
852 |a SVKKK  |b BIB 
856 4 1 |u http://www.qip-journal.eu/index.php/ams/article/view/539/481 
EXP
998 |a HUT